Madvillainy Tracklist (Madvillain, MF DOOM, Madlib) - Statistics

General Stats
  • This quiz has been taken 220 times
  • The average score is 14 of 22
Answer Stats
Hint Answer % Correct
2 Accordion
91%
3 Meat Grinder
91%
20 All Caps
84%
5 Raid
80%
17 Fancy Clown
79%
22 Rhinestone Cowboy
79%
14 Figaro
77%
4 Bistro
72%
6 America's Most Blunted
70%
1 The Illest Villains
63%
21 Great Day
62%
9 Curls
61%
18 Eye
58%
8 Rainbows
55%
19 Supervillain Theme
53%
11 Money Folder
49%
16 Strange Ways
47%
13 Operation Lifesaver aka Mint Test
45%
12 Shadows Of Tomorrow
43%
7 Sickfit
43%
15 Hardcore Hustle
39%
10 Do Not Fire!
35%
No matching quizzes found
Score Distribution
Percent of People with Each Score
Percentile by Number Answered
Your Score History
You have not taken this quiz